Teatro

Saved in:
Bibliografiske detaljer
Hovedforfatter: Sastre, Alfonso (Author)
Format: Bog
Sprog:spansk
Udgivet: Buenos Aires Losada 1960
Serier:Gran Teatro del Mundo
Fag:
Tags: Tilføj Tag
Ingen Tags, Vær først til at tagge denne postø!

MARC

LEADER 00000nam a2200000 a 4500
001 UCZ4882
003 CL-VaPUC
008 951115e19600000AG |||||||||||||||||spa|d
082 0 4 |a 862  |b SAS  |2 21 
100 0 |a Sastre, Alfonso  |e author  |9 326776 
245 1 0 |a Teatro 
246 1 0 |a Escuadra hacia la muerte 
246 1 0 |a Tierra roja 
246 1 0 |a Ana Kleiber 
246 1 0 |a Muerte en el barrio 
246 1 0 |a Guillermo Tell tiene los ojos tristes 
246 1 3 |a El cuervo 
300 |a 307 p 
942 |c BK 
945 |d 19951115 00:00:00  |a rleighto 
260 |a Buenos Aires  |b Losada  |c 1960 
650 0 |a Dramas españoles  |9 267081 
583 |a last modification  |c 19951115 00:00:00  |k Rodrigo Vera 
490 0 |a Gran Teatro del Mundo 
999 |c 241226  |d 241224 
952 |0 0  |1 0  |4 0  |6 862_000000000000000_SAS_1960  |7 0  |8 A  |9 253505  |a BIBEDU  |b BIBEDU  |d 2019-11-19  |i 3148874  |o 862 SAS 1960  |p 3148874  |r 2019-11-19  |w 2019-11-19  |y BK  |k LIT